| 000 | 00402nam a2200169Ia 4500 | ||
|---|---|---|---|
| 003 | LK-CoDNM | ||
| 008 | 010623t1900 xxu||||| |||| 00| 1 sin d | ||
| 040 |
_aLK-CoDNM _dLK-CoDNM _eLK-CoDNM |
||
| 041 | _asin | ||
| 080 | _a104 I 1 | ||
| 100 | _aPerera,A.A. | ||
| 245 | _aරන්ජනී | ||
| 246 | _aRanjani | ||
| 260 |
_bCeylon Stationers _aColombo _c[1900] |
||
| 300 | _b36p, 21 cm | ||
| 942 | _cBK | ||
| 999 |
_c85082 _d85082 |
||